Daily U.S. State Riddle #27 - Statistics

General Stats
  • This quiz has been taken 92 times
  • The average score is 29 of 38
Answer Stats
Type Answer % Correct
Found Letter A
100%
Alphabet Letter K
100%
Found Letter N
100%
Found Letter O
100%
Found Letter S
100%
Alphabet Letter T
100%
Found Letter R
99%
Found Letter H
96%
Found Letter I
96%
Found Letter E
95%
Found Letter D
94%
Alphabet Letter U
94%
Alphabet Letter C
92%
Found Letter L
92%
Alphabet Letter W
89%
Alphabet Letter M
86%
Alphabet Letter G
84%
Alphabet Letter V
78%
Alphabet Letter Y
78%
Alphabet Letter F
72%
Alphabet Letter P
72%
Alphabet Letter X
72%
Alphabet Letter B
68%
Alphabet Letter J
65%
Alphabet Letter Z
65%
Correctly Placed Letter A
56%
Correctly Placed Letter D
56%
Correctly Placed Letter D
56%
Correctly Placed Letter E
56%
Correctly Placed Letter H
56%
Correctly Placed Letter I
56%
Correctly Placed Letter L
56%
Correctly Placed Letter N
56%
Correctly Placed Letter O
56%
Alphabet Letter Q
56%
Correctly Placed Letter R
56%
Mystery U.S. State Rhode Island
56%
Correctly Placed Letter S
56%
No matching quizzes found
Score Distribution
Percent of People with Each Score
Percentile by Number Answered
Your Score History
You have not taken this quiz